000 00801nam a2200253Ia 4500
003 OSt
005 20220923211241.0
006 a|||||r|||| 00| 0
007 ta
008 Pun
020 _a9788175992849 (hbk)
_c800
024 _a284,540
037 _b936, 23/03/2015, H.K. Prakashan
_cTextual
040 _aARTS
_cARTS
_bPun
041 _2Pun
_aPun
082 _aO153,3N35x, Q4
100 _aਸੰਧੂ, ਗੁਲਗ਼ਾਰ ਸਿੰਘ
245 0 _aਕੁੱਲ ਕਹਾਣੀਆਂ
260 _aਦਿੱਲੀ
_b ਨਵਯੁਗ
_c2014
300 _a495ਪੰ
_ccm.
650 _aਪੰਜਾਬੀ ਸਾਹਿਤ
942 _hO153,3N35x, Q4
_cTEXL
_2CC
999 _c297664
_d297664